000 00540nam a2200181Ia 4500
003 OSt
005 20240814142732.0
008 210210b1950 xxu||||| |||| 00| 0 eng d
040 _cAL
041 _aKannada
082 _a856/107
100 _aVAMANABHATTA (K)
_9158650
_d ವಾಮನಭಟ್ಟ ಕೆ
245 _aBharatiyara Rajyanga paddhati
_bಭಾರತೀಯರ ರಾಜ್ಯಾಂಗ ಪದ್ಧತಿ
260 _aMangaluru
_b-
_c1950
690 _aKannada Miscellaneous
_9158651
906 _a020355
942 _2ddc
_cBK
999 _c144505
_d144505